La hora del recreo : (Registro nro. 7421)

Detalles MARC
000 -LEADER
fixed length control field 02514cam a2200361 a 4500
001 - CONTROL NUMBER
control field 16590923
003 - CONTROL NUMBER IDENTIFIER
control field OSt
005 - DATE AND TIME OF LATEST TRANSACTION
control field 20210303112511.0
008 - FIXED-LENGTH DATA ELEMENTS--GENERAL INFORMATION
fixed length control field 101111s2010 sp a 000 0 spa
010 ## - LIBRARY OF CONGRESS CONTROL NUMBER
LC control number 2011376216
020 ## - INTERNATIONAL STANDARD BOOK NUMBER
International Standard Book Number 9788497856973
035 ## - SYSTEM CONTROL NUMBER
System control number (SP-BaPL)pu100009667
040 ## - CATALOGING SOURCE
Original cataloging agency DLC
Transcribing agency CO-JMCR
Modifying agency DLC
041 ## - LANGUAGE CODE
Language code of text/sound track or separate title spa
050 00 - LIBRARY OF CONGRESS CALL NUMBER
Classification number HD6250.L29
Item number H67 2010
082 ## - DEWEY DECIMAL CLASSIFICATION NUMBER
Edition number 23
Classification number 779
Item number A859h
100 1# - MAIN ENTRY--PERSONAL NAME
Personal name Astrada, Walter.
Relator term autor
9 (RLIN) 14283
245 13 - TITLE STATEMENT
Title La hora del recreo :
Remainder of title erradicar el trabajo infantil en Latinoamérica /
Statement of responsibility, etc. textos, Héctor Abad, Lola Beccaria, Ángeles Canso ; fotografías, Walter Astrada, Lurdes R. Basolí ; edición de Carlos Spottorno y Fernando Marías.
260 ## - PUBLICATION, DISTRIBUTION, ETC.
Place of publication, distribution, etc. Barcelona :
Name of publisher, distributor, etc. Lunwerg Editores,
Date of publication, distribution, etc. 2010.
300 ## - PHYSICAL DESCRIPTION
Extent 207 páginas :
Other physical details ilustraciones, fotografías a color y en blanco y negro ;
Dimensions 25 x 31 cm.
505 ## - FORMATTED CONTENTS NOTE
Title Una rosa de palabras /
Statement of responsibility Walter Astrada ,
-- Gustavo Martín Garzo --
Title Plástico y papel /
Statement of responsibility Carlos Spottorno ,
-- Espido Freire --
Title Vivir para conocer /
Statement of responsibility Lurdes R. Basolí ,
-- Rosa Regás --
Title El chancho y el colibrí /
Statement of responsibility Renzo Giraldo ,
-- Luisgé Martín --
Title Los zapatos del niño esmeraldero /
Statement of responsibility Álvaro Ybarra Zavala ,
-- Héctor Abad --
Title Lo malo que es soñar /
Statement of responsibility Carlos Spottorno ,
-- Lola Becaria --
Title Los árboles /
Statement of responsibility Lurdes R. Basolí ,
-- Santiago Roncagliolo --
Title Niños listos, adultos necios /
Statement of responsibility Renzo Giraldo ,
-- Javier Reverte --
Title Piedras /
Statement of responsibility Walter Astrada ,
-- Care Santos --
Title Mar de mares infinitos /
Statement of responsibility Carlos Spottorno ,
-- Marta Rivera de la Cruz --
Title Papel contra tijera /
Statement of responsibility Álvaro Ybarra Zavala ,
-- Fernando Iwasaki --
Title El lugar de Noemí /
Statement of responsibility Renzo Giraldo ,
-- Alonso Cueto --
Title Un montón de dignidad /
Statement of responsibility Lurdes R. Basolí ,
-- Ángeles Caso --
Title Carta a Henrry Javier /
Statement of responsibility Walter Astrada ,
-- Soledad Puértolas --
Title La voz de Kevin /
Statement of responsibility Carlos Spottorno ,
-- Vicente Molina Foix --
Title palabras para William /
Statement of responsibility Álvaro Ybarra Zavala ,
-- Ricardo Menéndez Salomón
650 14 - SUBJECT ADDED ENTRY--TOPICAL TERM
Topical term or geographic name entry element América Latina
9 (RLIN) 14284
650 14 - SUBJECT ADDED ENTRY--TOPICAL TERM
Topical term or geographic name entry element Trabajo infantil
9 (RLIN) 14285
700 1# - ADDED ENTRY--PERSONAL NAME
Personal name Beccaria, Lola,
Relator term autora
9 (RLIN) 14286
700 1# - ADDED ENTRY--PERSONAL NAME
Personal name Canso, Ángeles,
Relator term autora
9 (RLIN) 14287
700 1# - ADDED ENTRY--PERSONAL NAME
Personal name Astrada, Walter,
Relator term fotógrafo
9 (RLIN) 14283
700 1# - ADDED ENTRY--PERSONAL NAME
Personal name Spottorno, Carlos,
Relator term fotógrafo
9 (RLIN) 14288
700 1# - ADDED ENTRY--PERSONAL NAME
Personal name R. Basolí, Lurdes,
Relator term fotógrafa
9 (RLIN) 14289
700 1# - ADDED ENTRY--PERSONAL NAME
Personal name Spottorno, Carlos,
Relator term editor
9 (RLIN) 14288
700 1# - ADDED ENTRY--PERSONAL NAME
Personal name Marías, Fernando,
Relator term editor
9 (RLIN) 14290
856 42 - ELECTRONIC LOCATION AND ACCESS
Materials specified Publisher description
Uniform Resource Identifier <a href="http://www.loc.gov/catdir/enhancements/fy1111/2011376216-d.html">http://www.loc.gov/catdir/enhancements/fy1111/2011376216-d.html</a>
942 ## - ADDED ENTRY ELEMENTS (KOHA)
Source of classification or shelving scheme Dewey Decimal Classification
Koha item type Books
Existencias
Withdrawn status Lost status Source of classification or shelving scheme Damaged status Not for loan Home library Current library Shelving location Date acquired Source of acquisition Full call number Barcode Date last seen Copy number Price effective from Koha item type
    Dewey Decimal Classification     Biblioteca Pública José María del Castillo y Rada Biblioteca Pública José María del Castillo y Rada General Stacks 02/25/2021 Donación 779 / A859h 201810625 05/16/2024 Ej.1 02/25/2021 Books